[Event "1600/1900 standard #2"]
[Site "SchemingMind.com"]
[Date "2007.09.08"]
[Round "-"]
[White "Orome"]
[Black "dadshane2000"]
[Result "0-1"]
[WhiteCountry "SUI"]
[BlackCountry "USA"]
[WhiteElo "1821"]
[WhiteRD "80"]
[BlackElo "1885"]
[BlackRD "70"]
[GameID "119596"]

1. e4 e5 2. Nf3 Nc6 3. Bb5 a6 4. Ba4 Nf6 5. O-O Be7 6. Re1 b5 7. Bb3 O-O 8. c3 d5 9. exd5 Nxd5 10. Nxe5 Nxe5
11. Rxe5 c6 12. d4 Bd6 13. Re1 Qh4 14. g3 Qh3 15. Re4 g5 16. Qf3 g4 17. Qe2 Bf5 18. Bxd5 cxd5 19. Re3 Be4 20. Qf1 Qxf1+
21. Kxf1 Rae8 22. Nd2 Bf5 23. Nb3 Rc8 24. Bd2 Be4 25. Ree1 h5 26. Bh6 Rfe8 27. Bg5 Kg7 28. Nd2 Bd3+ 29. Kg1 b4 30. Rxe8 Rxe8
31. Be3 Rc8 32. Rc1 a5 33. Nf1 bxc3 34. Rxc3 Rxc3 35. bxc3 Bc4 36. a4 Bb3 37. Nd2 Bxa4 38. c4 Bc6 39. c5 Bc7 40. Nb1 Kg6
41. Kf1 Bb5+ 42. Ke1 a4 43. Na3 Bc6 44. Bd2 Kf5 45. Ke2 Ke4 46. Bc3 f5 47. Kd2 Kf3 48. Ke1 Kg2 49. Nc2 Kxh2 50. Nb4 Ba5
0-1